El violín: manual de cultura y didáctica violinística
Saved in:
| Main Authors: | , |
|---|---|
| Format: | Bog |
| Sprog: | spansk |
| Udgivet: |
Buenos Aires
Ricordi Americana
1952
|
| Fag: | |
| Tags: |
Tilføj Tag
Ingen Tags, Vær først til at tagge denne postø!
|
MARC
| LEADER | 00000nam a2200000 a 4500 | ||
|---|---|---|---|
| 001 | UCN2721 | ||
| 003 | CL-VaPUC | ||
| 008 | 010531e19520000AG |||||||||||||||||spa|d | ||
| 082 | 0 | 4 | |a 787.2 |b PAS |2 21 |
| 100 | |a Pasquali, Giulio |e autor |9 458864 | ||
| 700 | 0 | |a Principe, Remy |e author |9 458865 | |
| 245 | 1 | 3 | |a El violín: manual de cultura y didáctica violinística |
| 300 | |a 313 p | ||
| 942 | |c BK | ||
| 945 | |d 20010531 00:00:00 |a crobeson | ||
| 260 | |a Buenos Aires |b Ricordi Americana |c 1952 | ||
| 650 | 0 | |a Violín |9 390065 | |
| 650 | 0 | |a Instrumentos de cuerda |9 373983 | |
| 650 | 0 | |a Instrumentos musicales |9 306600 | |
| 650 | 0 | |a Organología |9 306545 | |
| 583 | |a last modification |c 20010531 00:00:00 |k Rodrigo Vera | ||
| 999 | |c 295776 |d 295774 | ||
| 952 | |0 0 |1 0 |4 0 |6 787_200000000000000_PAS_1952 |7 0 |8 A |9 349121 |a BIBEDU |b BIBEDU |d 2019-11-20 |i 1185772 |o 787.2 PAS 1952 |p 1185772 |r 2023-01-12 |w 2019-11-20 |y BK |k MUS | ||